<?xml version="1.0" encoding="UTF-8"?><?xml-stylesheet type="text/xsl" href="static/style.xsl"?><OAI-PMH xmlns="http://www.openarchives.org/OAI/2.0/" xmlns:xsi="http://www.w3.org/2001/XMLSchema-instance" xsi:schemaLocation="http://www.openarchives.org/OAI/2.0/ http://www.openarchives.org/OAI/2.0/OAI-PMH.xsd"><responseDate>2026-04-18T03:47:37Z</responseDate><request verb="GetRecord" identifier="oai:www.recercat.cat:2445/223332" metadataPrefix="marc">https://recercat.cat/oai/request</request><GetRecord><record><header><identifier>oai:recercat.cat:2445/223332</identifier><datestamp>2025-12-04T22:31:09Z</datestamp><setSpec>com_2072_1057</setSpec><setSpec>col_2072_478917</setSpec><setSpec>col_2072_478931</setSpec></header><metadata><record xmlns="http://www.loc.gov/MARC21/slim" xmlns:dcterms="http://purl.org/dc/terms/" xmlns:xsi="http://www.w3.org/2001/XMLSchema-instance" xmlns:doc="http://www.lyncode.com/xoai" xsi:schemaLocation="http://www.loc.gov/MARC21/slim http://www.loc.gov/standards/marcxml/schema/MARC21slim.xsd">
   <leader>00925njm 22002777a 4500</leader>
   <datafield ind2=" " ind1=" " tag="042">
      <subfield code="a">dc</subfield>
   </datafield>
   <datafield ind2=" " ind1=" " tag="720">
      <subfield code="a">Meschberger-Annweiler, Franck-Alexandre</subfield>
      <subfield code="e">author</subfield>
   </datafield>
   <datafield ind2=" " ind1=" " tag="720">
      <subfield code="a">Ascione, Mariarca</subfield>
      <subfield code="e">author</subfield>
   </datafield>
   <datafield ind2=" " ind1=" " tag="720">
      <subfield code="a">Porras-García, Bruno</subfield>
      <subfield code="e">author</subfield>
   </datafield>
   <datafield ind2=" " ind1=" " tag="720">
      <subfield code="a">Mendoza-Medialdea, María Teresa</subfield>
      <subfield code="e">author</subfield>
   </datafield>
   <datafield ind2=" " ind1=" " tag="720">
      <subfield code="a">Ferrer, Marta (Ferrer García)</subfield>
      <subfield code="e">author</subfield>
   </datafield>
   <datafield ind2=" " ind1=" " tag="720">
      <subfield code="a">Gutiérrez Maldonado, José</subfield>
      <subfield code="e">author</subfield>
   </datafield>
   <datafield ind2=" " ind1=" " tag="260">
      <subfield code="c">2025-09-22T15:54:24Z</subfield>
   </datafield>
   <datafield ind2=" " ind1=" " tag="260">
      <subfield code="c">2025-09-22T15:54:24Z</subfield>
   </datafield>
   <datafield ind2=" " ind1=" " tag="260">
      <subfield code="c">2024-08-08</subfield>
   </datafield>
   <datafield ind2=" " ind1=" " tag="260">
      <subfield code="c">2025-09-22T15:54:24Z</subfield>
   </datafield>
   <datafield ind2=" " ind1=" " tag="520">
      <subfield code="a">Body dissatisfaction (BD) has been consistently linked to adverse consequences on mental health and overall well-being, and is recognized as a significant contributing factor in the initiation and persistence of eating disorders (EDs). Empirical evidence has demonstrated that an elevated body mass index (BMI) and media influence and pressure about a thin ideal heighten the risk of subsequent BD. Moreover, suggestibility, a propensity to accept and act upon messages without critical evaluation, has been shown to be positively associated with greater susceptibility&#xd;
to the influence of sociocultural messages that endorse the thin ideal. This study aimed to assess whether suggestibility moderates the association between BMI and BD in women. Methods: A total of 117 women completed assessments using the Eating Disorder Inventory-3 (EDI-3) BD subscale and the Suggestibility Inventory, which encompasses a general suggestibility index and a subscale that evaluates susceptibility to influence by others. We conducted moderation analyses employing the PROCESS macro, with BMI as the central predictor, BD as the outcome variable, and suggestibility and its subscale as moderators. Results: The findings revealed statistically significant positive moderating interactions for both the general suggestibility index and susceptibility to influence by others. Specifically, women who exhibited high levels of suggestibility and susceptibility to influence by&#xd;
others demonstrated a more pronounced increase in BD as their BMI increased. Conclusions: These outcomes are in line with the sociocultural model of EDs, suggesting that greater susceptibility to external influences amplifies the impact of societal pressures to conform to thin ideals.</subfield>
   </datafield>
   <datafield tag="653" ind2=" " ind1=" ">
      <subfield code="a">Salut mental</subfield>
   </datafield>
   <datafield tag="653" ind2=" " ind1=" ">
      <subfield code="a">Trastorns de la conducta alimentària</subfield>
   </datafield>
   <datafield tag="653" ind2=" " ind1=" ">
      <subfield code="a">Pes corporal</subfield>
   </datafield>
   <datafield tag="653" ind2=" " ind1=" ">
      <subfield code="a">Control social</subfield>
   </datafield>
   <datafield tag="653" ind2=" " ind1=" ">
      <subfield code="a">Mental health</subfield>
   </datafield>
   <datafield tag="653" ind2=" " ind1=" ">
      <subfield code="a">Eating disorders</subfield>
   </datafield>
   <datafield tag="653" ind2=" " ind1=" ">
      <subfield code="a">Body weight</subfield>
   </datafield>
   <datafield tag="653" ind2=" " ind1=" ">
      <subfield code="a">Social control</subfield>
   </datafield>
   <datafield ind2="0" ind1="0" tag="245">
      <subfield code="a">The Moderating Effect of Suggestibility on the Relationship between Body Mass Index and Body Dissatisfaction in Women</subfield>
   </datafield>
</record></metadata></record></GetRecord></OAI-PMH>